000 00673cam a22002293a 4500
001 27310
003 PGUSA
005 20140828083605.0
008 081122s2008||||xxu|||||s|||||000 | eng d
040 _aPGUSA
_beng
042 _adc
050 4 _aBF
100 1 _aSerrano, Bento
245 1 0 _aO Oraculo do Passado, do presente e do Futuro (2/7) :
_bParte Segunda: O oraculo das Salas
_h[electronic resource] /
_cBento Serrano
260 _bProject Gutenberg,
_c2008
506 _aPublic domain in the USA.
516 _aElectronic text
653 _aDivination
830 0 _aProject Gutenberg
_v27310
856 4 0 _uhttp://www.gutenberg.org/ebooks/27310
942 _cEB
999 _c256565
_d256565